[Event "London Chess Classic FIDE Open"]
[Site "London ENG"]
[Date "2010.12.14"]
[Round "8"]
[White "Britton, Richard L"]
[Black "Lenier, Jude"]
[Result "1-0"]
[WhiteTitle "FM"]
[WhiteElo "2229"]
[BlackElo "2006"]
[WhiteFideId "401692"]
[BlackFideId "470678"]
[EventDate "2010.12.08"]

1. e4 e5 2. Nf3 Nc6 3. Bb5 a6 4. Ba4 Nf6 5. O-O Be7 6. Re1 b5 7. Bb3 O-O 8. a4
Bb7 9. d3 d6 10. Bd2 b4 11. a5 Rb8 12. h3 Bc8 13. Bc4 Na7 14. Be3 c5 15. Nbd2
Nc6 16. Nb3 Be6 17. Nfd2 Bxc4 18. Nxc4 Rb5 19. f4 exf4 20. Bxf4 d5 21. exd5 Nxd5
22. Qf3 Nxf4 23. Qxc6 Bh4 24. Re5 Bf6 25. Re4 Qb8 26. Nd6 c4 27. dxc4 Be5 28.
cxb5 Bxd6 29. bxa6 Rc8 30. Qb7 Nxh3+ 31. gxh3 Bc5+ 32. Kg2 1-0

[Event "London Chess Classic FIDE Open"]
[Site "London ENG"]
[Date "2010.12.14"]
[Round "8"]
[White "Phillips, Owen S"]
[Black "Anderton, Matthew N"]
[Result "0-1"]
[WhiteElo "1996"]
[BlackElo "2227"]
[WhiteFideId "417882"]
[BlackFideId "403237"]
[EventDate "2010.12.08"]

1. e4 e6 2. Nc3 d5 3. Nf3 Nf6 4. e5 Nfd7 5. d4 c5 6. Bg5 Qb6 7. dxc5 Bxc5 8. Qd2
Nc6 9. Bb5 h6 10. Bh4 d4 11. Bxc6 dxc3 12. Bxd7+ Bxd7 13. bxc3 g5 14. Nxg5 hxg5
15. Qxg5 Qc6 16. O-O Qe4 17. Bg3 Bc6 18. Bf4 Be7 19. Qg3 O-O-O 20. Rfe1 Qd5 21.
c4 Qxc4 0-1

[Event "London Chess Classic FIDE Open"]
[Site "London ENG"]
[Date "2010.12.14"]
[Round "8"]
[White "Spivack, Simon S Y"]
[Black "Fegan, Chris"]
[Result "0-1"]
[WhiteElo "2189"]
[BlackElo "2003"]
[WhiteFideId "404780"]
[BlackFideId "410047"]
[EventDate "2010.12.08"]

1. Nf3 f5 2. g3 Nf6 3. Bg2 d6 4. d4 e6 5. O-O Be7 6. c4 O-O 7. Nc3 Ne4 8. Qc2
Nxc3 9. Qxc3 a5 10. b3 Nc6 11. Bb2 Qe8 12. d5 Bf6 13. Qd2 Bxb2 14. Qxb2 exd5 15.
cxd5 Ne5 16. Rac1 Nxf3+ 17. Bxf3 Rf7 18. Bh5 g6 19. Bf3 b6 20. Rc2 Ba6 21. Rfc1
Ra7 22. Qd4 Qe5 23. Qa4 Re7 24. Qh4 Kg7 25. Rc3 Qf6 26. Qf4 g5 27. Qd2 g4 28.
Bg2 Rxe2 29. Rxc7+ Rxc7 30. Rxc7+ Kg6 31. Qd1 Qe5 32. Rc1 Qb2 33. Qf1 Rxf2 34.
Qxf2 Qxc1+ 35. Bf1 Qxf1+ 0-1

[Event "London Chess Classic FIDE Open"]
[Site "London ENG"]
[Date "2010.12.14"]
[Round "8"]
[White "Andreev, Peter"]
[Black "Ethelontis, Alexandros N"]
[Result "1/2-1/2"]
[WhiteElo "1864"]
[BlackElo "2187"]
[WhiteFideId "406350"]
[BlackFideId "405469"]
[EventDate "2010.12.08"]

1. e4 e6 2. d4 d5 3. Nc3 Bb4 4. e5 b6 5. a3 Bf8 6. f4 Nh6 7. Be3 Nf5 8. Bf2 c5
9. Nf3 Nc6 10. Bb5 Bd7 11. O-O Be7 12. a4 a6 13. Bxc6 Bxc6 14. Ne2 h5 15. Qd2 a5
16. Qc3 Rc8 17. Qd2 Bb7 18. Rfd1 Qc7 19. c3 Ba6 20. Ng3 g6 21. Rac1 Bc4 22. Qc2
Qb7 23. b3 Ba6 24. Qb2 c4 25. b4 axb4 26. cxb4 Qc7 27. Ne2 Bb7 28. Nc3 Bc6 29.
b5 Bd7 30. Ne1 g5 31. fxg5 Bxg5 32. Ra1 Rb8 33. Rdb1 f6 34. Nf3 Rg8 35. Qe2 Kf7
36. Re1 Rbe8 37. exf6 Kxf6 1/2-1/2

[Event "London Chess Classic FIDE Open"]
[Site "London ENG"]
[Date "2010.12.14"]
[Round "8"]
[White "Webb, Laurence E"]
[Black "McKerracher, Douglas"]
[Result "1-0"]
[WhiteTitle "FM"]
[WhiteElo "2322"]
[BlackElo "1940"]
[WhiteFideId "402389"]
[BlackFideId "2401002"]
[EventDate "2010.12.08"]

1. e4 d5 2. exd5 Qxd5 3. Nc3 Qa5 4. Bc4 Nf6 5. d3 c6 6. Bd2 Qd8 7. Nge2 Bf5 8.
O-O e6 9. Ng3 Bg6 10. f4 Be7 11. Kh1 O-O 12. f5 exf5 13. Nxf5 Bxf5 14. Rxf5 Nbd7
15. Qf3 g6 16. Qg3 Kh8 17. Bh6 Rg8 18. Rf2 Bc5 19. Re2 Re8 20. Rxe8+ Qxe8 21.
Re1 Qg8 22. Rf1 Re8 23. h3 Bd4 24. Qf3 Re5 25. Bf4 Re7 26. Bd6 Re3 27. Qf4 c5
28. Ne4 Qe8 29. c3 Nxe4 30. Bxf7 Qd8 31. dxe4 g5 32. Qf5 Bg7 33. Be6 Nf8 34.
Bxf8 1-0

[Event "London Chess Classic FIDE Open"]
[Site "London ENG"]
[Date "2010.12.14"]
[Round "8"]
[White "Remmler, Hans-Peter"]
[Black "Lang, Alexander"]
[Result "1-0"]
[WhiteElo "2209"]
[BlackElo "2079"]
[WhiteFideId "4623266"]
[BlackFideId "4645588"]
[EventDate "2010.12.08"]

1. e4 c6 2. d4 d5 3. e5 c5 4. Nf3 Bg4 5. c4 Nc6 6. cxd5 Nxd4 7. Nxd4 Bxd1 8.
Bb5+ Qd7 9. e6 fxe6 10. dxe6 Qxb5 11. Nxb5 O-O-O 12. Nxa7+ Kc7 13. Bf4+ Kb6 14.
Nc3 Bg4 15. Nab5 Rd3 16. Nc7 Kc6 17. f3 g5 18. Bxg5 Bxf3 19. gxf3 Kxc7 20. Ke2
Rd8 21. Rhd1 Bg7 22. Nb5+ Kc8 23. Na7+ 1-0

[Event "London Chess Classic FIDE Open"]
[Site "London ENG"]
[Date "2010.12.14"]
[Round "8"]
[White "Grant, Jonathan I M"]
[Black "Nelson, Omowale"]
[Result "1-0"]
[WhiteElo "2201"]
[BlackElo "2063"]
[WhiteFideId "2400294"]
[BlackFideId "7400209"]
[EventDate "2010.12.08"]

1. c4 e5 2. Nc3 Nc6 3. g3 g6 4. Bg2 d6 5. e4 Bg7 6. Nge2 f5 7. d3 Nf6 8. O-O O-O
9. Nd5 Be6 10. Bg5 h6 11. Nxf6+ Bxf6 12. Bxh6 Rf7 13. Be3 Rh7 14. exf5 gxf5 15.
f4 Qe8 16. Qd2 Qh5 17. h3 Kf7 18. Rae1 Rg8 19. Kh2 Qg4 20. Rf2 e4 21. b3 Ne7 22.
Rh1 d5 23. Kg1 Qg6 24. cxd5 Bxd5 25. dxe4 fxe4 26. f5 Qg7 27. Bf4 c6 28. g4 Nc8
29. Ng3 Bd4 30. Be3 Be5 31. Nxe4 Rxh3 32. Ng5+ Kf6 33. Rxh3 1-0

[Event "London Chess Classic FIDE Open"]
[Site "London ENG"]
[Date "2010.12.14"]
[Round "8"]
[White "Bass, John W"]
[Black "Maduekwe, Chiedu"]
[Result "1-0"]
[WhiteElo "2064"]
[BlackElo "2185"]
[WhiteFideId "407925"]
[BlackFideId "8500118"]
[EventDate "2010.12.08"]

1. d4 d5 2. c4 c6 3. Nf3 Nf6 4. Nc3 dxc4 5. a4 Bf5 6. e3 e6 7. Bxc4 Bb4 8. O-O
Nbd7 9. Qe2 Bg6 10. Rd1 O-O 11. Bd3 Bh5 12. e4 e5 13. d5 Bxc3 14. dxc6 Bd4 15.
cxd7 Nxd7 16. Be3 Bxe3 17. Qxe3 Qa5 18. Bb5 Nf6 19. Rdb1 Bxf3 20. b4 Qd8 21.
Qxf3 Qd4 22. Ra3 Rac8 23. g3 Rfd8 24. Rd3 Qxe4 25. Qxe4 Nxe4 26. Re1 Ng5 27.
Rde3 f6 28. h4 Nf7 29. Bf1 Rd4 30. Rb1 Kf8 31. a5 Nd6 32. Reb3 Ne4 33. Rd3 Rcd8
34. Rxd4 Rxd4 35. b5 b6 36. axb6 axb6 37. Ra1 Nc5 38. Bg2 e4 39. Ra8+ Ke7 40.
Bh3 Rb4 41. Ra7+ Kd6 42. Rxg7 Rxb5 43. Rxh7 Rb1+ 44. Bf1 b5 45. h5 b4 46. Rh8
Nd7 47. h6 b3 48. h7 b2 49. Rd8 Rd1 50. h8=Q Kc7 51. Rc8+ Kb7 52. Qd8 1-0

[Event "London Chess Classic FIDE Open"]
[Site "London ENG"]
[Date "2010.12.14"]
[Round "8"]
[White "Seymour, Timothy P"]
[Black "Yeo, Michael J"]
[Result "1/2-1/2"]
[WhiteElo "2052"]
[BlackElo "2183"]
[WhiteFideId "412112"]
[BlackFideId "402257"]
[EventDate "2010.12.08"]

1. d4 Nf6 2. c4 g6 3. Nc3 d5 4. Nf3 Bg7 5. Bg5 Ne4 6. cxd5 Nxg5 7. Nxg5 e6 8.
Nf3 exd5 9. b4 a5 10. b5 c5 11. bxc6 bxc6 12. e3 O-O 13. Na4 Bg4 14. Be2 Qd6 15.
O-O Nd7 16. Rc1 Rfc8 17. Nc5 Nxc5 18. Rxc5 Bf8 19. Qa4 Qc7 20. Rcc1 f6 21. Rfd1
Bd7 22. Qc2 Rab8 23. Ne1 Rb6 24. Nd3 Ba3 25. Rb1 Rcb8 26. Rb3 Rxb3 27. axb3 Bd6
28. g3 Qb6 29. Rb1 Qa7 30. Kg2 Kf7 31. Bd1 Rb6 32. Ra1 Rb5 33. Be2 Qb6 34. Nc5
Bf5 35. e4 Bxc5 36. exf5 Bxd4 37. fxg6+ hxg6 38. Bxb5 Bxa1 39. Qxc6 Qxc6 40.
Bxc6 Ke6 41. f4 g5 42. fxg5 fxg5 43. h4 Kd6 44. Be8 gxh4 45. gxh4 Kc5 46. Kf3
Kb4 47. Bf7 Kxb3 48. Bxd5+ 1/2-1/2

[Event "London Chess Classic FIDE Open"]
[Site "London ENG"]
[Date "2010.12.14"]
[Round "8"]
[White "Ernst, Michael"]
[Black "Thomassen, Thomas"]
[Result "1/2-1/2"]
[WhiteElo "2169"]
[BlackElo "2033"]
[WhiteFideId "1618393"]
[BlackFideId "1504860"]
[EventDate "2010.12.08"]

1. d4 Nf6 2. c4 g6 3. Nc3 Bg7 4. e4 d6 5. h3 Nbd7 6. Nf3 e5 7. d5 Nc5 8. Qc2 a5
9. Bg5 h5 10. Nd2 Bh6 11. Bxh6 Rxh6 12. Nb3 b6 13. Nxc5 bxc5 14. Qd2 Rh7 15. Qg5
h4 16. Be2 Nh5 17. Qxd8+ Kxd8 18. Bxh5 Rxh5 19. f3 f5 20. Rf1 f4 21. b3 Bd7 22.
Rb1 Rh8 23. Rf2 Ke7 24. Rfb2 Rhb8 25. a3 Kd8 26. Kd2 Kc8 27. Na2 Rb6 28. b4 axb4
29. axb4 Rba6 30. Nc3 cxb4 31. Rxb4 c5 32. Rb6 Rxb6 1/2-1/2

[Event "London Chess Classic FIDE Open"]
[Site "London ENG"]
[Date "2010.12.14"]
[Round "8"]
[White "Paez, David"]
[Black "Lasinskas, Povilas"]
[Result "0-1"]
[BlackTitle "FM"]
[WhiteElo "2035"]
[BlackElo "2162"]
[WhiteFideId "4405196"]
[BlackFideId "12800503"]
[EventDate "2010.12.08"]

1. e4 e5 2. Nf3 d6 3. d4 Nd7 4. Bc4 c6 5. Nc3 Qc7 6. Be3 Be7 7. h3 Ngf6 8. Qd2
b5 9. Bd3 Nb6 10. dxe5 dxe5 11. Bxb6 axb6 12. Qg5 Ng4 13. Qd2 Nh6 14. g4 f6 15.
Nh4 O-O 16. Bxb5 cxb5 17. Qd5+ Kh8 18. Qxa8 Bb7 19. Qa7 Bb4 20. O-O Bxc3 21. Qa3
b4 22. Qb3 Bd4 23. Qxb4 Bc5 24. Qd2 Rd8 25. Qe2 Rd4 26. Rad1 Rxe4 27. Qb5 Bc6
28. Qd3 Rd4 29. Qg3 Qd7 30. Rxd4 Qxd4 31. g5 Qe4 32. Kh2 fxg5 33. Qxg5 Nf7 34.
Qg4 g5 35. Qc8+ Kg7 36. Nf5+ Kf6 37. f3 Qe2+ 38. Kg3 Qxf1 39. Qxc6+ Kxf5 40.
Qd7+ Kf6 0-1

[Event "London Chess Classic FIDE Open"]
[Site "London ENG"]
[Date "2010.12.14"]
[Round "8"]
[White "Mcintyre, Paul"]
[Black "Heaton, Paul"]
[Result "1/2-1/2"]
[WhiteElo "2119"]
[BlackElo "2029"]
[WhiteFideId "412988"]
[BlackFideId "411116"]
[EventDate "2010.12.08"]

1. e4 c5 2. Nf3 d6 3. c3 Nf6 4. Be2 Nbd7 5. d3 g6 6. O-O Bg7 7. Nbd2 O-O 8. d4
Qc7 9. Re1 e6 10. Bd3 b6 11. Qe2 cxd4 12. cxd4 Bb7 13. h3 Rac8 14. a3 e5 15.
dxe5 Nxe5 16. Nxe5 dxe5 17. Nf1 Rfd8 18. Bg5 Rd4 19. Be3 Rxd3 20. Qxd3 Bxe4 21.
Qa6 Qd7 22. Rac1 Rd8 23. Bg5 Bd3 24. Rc4 Bxc4 25. Qxc4 Qf5 26. Qc7 Rc8 27. Qxe5
Qxe5 28. Rxe5 h6 29. Bd2 Rd8 30. Re2 Nd5 31. b3 Rc8 32. Ne3 Nf4 33. Re1 Nd3 34.
Rb1 f5 35. g3 Bd4 36. Kf1 Kf7 37. Ke2 Nc5 38. Rc1 1/2-1/2

[Event "London Chess Classic FIDE Open"]
[Site "London ENG"]
[Date "2010.12.14"]
[Round "8"]
[White "Lappas, Konstantinos"]
[Black "Barton, R Alan"]
[Result "0-1"]
[WhiteElo "1858"]
[BlackElo "2103"]
[WhiteFideId "4275748"]
[BlackFideId "404233"]
[EventDate "2010.12.08"]

1. e4 d6 2. d4 g6 3. Nc3 Bg7 4. Be3 Nd7 5. Qd2 h6 6. h4 e6 7. O-O-O a6 8. f4 h5
9. f5 gxf5 10. exf5 Ndf6 11. Bg5 Ne7 12. Bd3 exf5 13. Nf3 d5 14. Rde1 Be6 15.
Ne5 Ne4 16. Bxe4 dxe4 17. Bf4 Nd5 18. Nxd5 Qxd5 19. c4 Qd8 20. d5 Bd7 21. Nf3
O-O 22. Ne5 Re8 23. Nxd7 Qxd7 24. Bh6 Qd6 25. Bxg7 Kxg7 26. Rhf1 Re5 27. Re3 Kh7
28. Rg3 Qh6 29. Qxh6+ Kxh6 30. Rg5 f6 31. Rfxf5 Rxf5 32. Rxf5 Kg6 33. Rf4 f5 34.
Kd2 Kf6 35. Ke3 Ke5 36. Rf2 Rg8 37. c5 f4+ 38. Ke2 Rxg2 39. Rxg2 f3+ 40. Kf2
fxg2 41. Kxg2 Kxd5 42. b4 Kc4 43. Kg3 e3 44. Kg2 Kd3 45. Kf1 Kd2 0-1

[Event "London Chess Classic FIDE Open"]
[Site "London ENG"]
[Date "2010.12.14"]
[Round "8"]
[White "Hagen, Anders Gjerdrum"]
[Black "Larsen, Tor Ketil"]
[Result "1-0"]
[WhiteElo "2084"]
[BlackElo "1980"]
[WhiteFideId "1506650"]
[BlackFideId "1508130"]
[EventDate "2010.12.08"]

1. d4 Nf6 2. c4 c5 3. d5 b5 4. cxb5 a6 5. bxa6 g6 6. Nc3 Bxa6 7. g3 Bg7 8. Bg2
d6 9. Nf3 Nbd7 10. Rb1 Qa5 11. Bd2 O-O 12. O-O Rfb8 13. Qc2 Ne8 14. Rfd1 c4 15.
Be3 Nc7 16. Bd4 f6 17. h4 Bb7 18. h5 g5 19. Nd2 Ba6 20. Nf1 Nb5 21. Nxb5 Bxb5
22. Be4 Nf8 23. Ne3 Qxa2 24. h6 Ba4 25. Bxh7+ Kf7 26. hxg7 Kxg7 27. Qe4 Rb7 28.
Bf5 Bxd1 29. Rxd1 Qa4 30. Qg4 Rb3 31. Qxg5+ Kf7 32. Qh5+ Kg7 33. Bc2 Qe8 34.
Nf5+ Kg8 35. Qg4+ Ng6 36. Nh4 f5 37. Bxf5 e5 38. dxe6 Rb7 39. Bxg6 Qa4 40. Bf7+
Kf8 41. Ng6# 1-0

[Event "London Chess Classic FIDE Open"]
[Site "London ENG"]
[Date "2010.12.14"]
[Round "8"]
[White "Jones, Steven"]
[Black "Mcgowan, Daniel"]
[Result "1/2-1/2"]
[WhiteElo "1801"]
[BlackElo "2082"]
[WhiteFideId "419630"]
[BlackFideId "2401479"]
[EventDate "2010.12.08"]

1. Nf3 d5 2. c4 e6 3. d4 Nf6 4. Nc3 Be7 5. cxd5 exd5 6. Bf4 c6 7. e3 O-O 8. Bd3
Nbd7 9. O-O Re8 10. a3 Nf8 11. Ne5 Ng6 12. Nxg6 hxg6 13. Qc2 Bd6 14. Bxd6 Qxd6
15. b4 Ng4 16. g3 Nf6 17. Rfc1 b6 18. e4 dxe4 19. Nxe4 Qxd4 20. Nxf6+ 1/2-1/2

[Event "London Chess Classic FIDE Open"]
[Site "London ENG"]
[Date "2010.12.14"]
[Round "8"]
[White "Wadsworth, Matthew J"]
[Black "McKenna, Jason P"]
[Result "1/2-1/2"]
[WhiteElo "1889"]
[BlackElo "2081"]
[WhiteFideId "415804"]
[BlackFideId "403857"]
[EventDate "2010.12.08"]

1. c4 g6 2. g3 Bg7 3. Bg2 Nf6 4. Nc3 O-O 5. d3 d6 6. Bg5 h6 7. Bd2 Nc6 8. e4 Bg4
9. f3 Be6 10. Nge2 Ne5 11. Be3 c6 12. O-O d5 13. Bd4 Ned7 14. cxd5 cxd5 15. e5
Ne8 16. f4 Nc7 17. Bf2 Nb8 18. Nd4 Bc8 19. Qb3 e6 20. Ncb5 Nxb5 21. Nxb5 b6 22.
Nd6 Bd7 23. Rac1 Nc6 24. d4 Qb8 25. Rfd1 Rd8 26. Bf1 a6 27. Be1 Bf8 28. Bb4 Nxb4
29. Qxb4 Be8 30. Rc2 Bxd6 31. exd6 Qxd6 32. Qxd6 Rxd6 33. Rdc1 Kf8 34. Rc7 Rd7
35. Rc8 Rxc8 36. Rxc8 b5 37. b3 Rd6 38. a4 bxa4 39. bxa4 Ke7 40. a5 Bb5 41. Bxb5
axb5 42. Rb8 Rc6 43. Rxb5 Rc1+ 44. Kg2 Ra1 45. Rb7+ Kf6 46. Ra7 Ra4 47. a6 Ra3
48. h4 h5 49. Kf2 Ra2+ 50. Ke3 Ra3+ 51. Kf2 Kf5 52. Rxf7+ Ke4 53. Rf6 Rxa6 54.
Rxg6 Kxd4 55. Rg5 Ra2+ 56. Kf3 Ra3+ 57. Ke2 Kc4 58. Rxh5 Rxg3 59. Re5 Rg4 60.
Rxe6 Rxf4 61. h5 Rh4 62. h6 d4 63. Rc6+ Kd5 64. Rg6 Rh3 65. Kd2 Ke4 66. Re6+ Kf5
67. Rd6 Ke5 68. Rg6 Kf5 69. Rd6 Ke5 70. Ra6 Kf5 71. Rb6 Kg5 72. Rd6 Rxh6 73.
Rxh6 1/2-1/2

[Event "London Chess Classic FIDE Open"]
[Site "London ENG"]
[Date "2010.12.14"]
[Round "8"]
[White "Milnes, Anthony C P"]
[Black "Malhotra, Tarun"]
[Result "1/2-1/2"]
[WhiteElo "2080"]
[BlackElo "1913"]
[WhiteFideId "409634"]
[BlackFideId "5020549"]
[EventDate "2010.12.08"]

1. f4 g6 2. Nf3 Bg7 3. e4 d6 4. d4 Bg4 5. Be2 c6 6. Be3 e6 7. Nc3 Ne7 8. Qd2 Nd7
9. O-O-O Bxf3 10. Bxf3 d5 11. g4 Nb6 12. Be2 Qd7 13. Rhf1 O-O-O 14. f5 f6 15.
fxe6 Qxe6 16. g5 f5 17. e5 Kb8 18. Bd3 Bxe5 19. Rde1 Bc7 20. Bf4 Qd7 21. Be5
Bxe5 22. Rxe5 Nec8 23. Qe2 Rhg8 1/2-1/2

[Event "London Chess Classic FIDE Open"]
[Site "London ENG"]
[Date "2010.12.14"]
[Round "8"]
[White "Gavriel, Tryfon C"]
[Black "Ponting, Andrew"]
[Result "1-0"]
[WhiteElo "2170"]
[BlackElo "1860"]
[WhiteFideId "403105"]
[BlackFideId "416487"]
[EventDate "2010.12.08"]

1. e4 c5 2. d4 cxd4 3. c3 Nf6 4. e5 Nd5 5. Nf3 d6 6. Bc4 Nb6 7. Bb3 Nc6 8. e6
Bxe6 9. Bxe6 fxe6 10. cxd4 e5 11. d5 Nd4 12. Nxd4 exd4 13. Qxd4 Qc8 14. Nc3 Qc4
15. Be3 Rc8 16. a4 Qa6 17. Nb5 Nd7 18. O-O b6 19. Rfc1 Rxc1+ 20. Rxc1 1-0

[Event "London Chess Classic FIDE Open"]
[Site "London ENG"]
[Date "2010.12.14"]
[Round "8"]
[White "Millward, Kevin P"]
[Black "Harari, Zaki"]
[Result "0-1"]
[WhiteElo "1954"]
[BlackElo "2197"]
[WhiteFideId "404721"]
[BlackFideId "2002639"]
[EventDate "2010.12.08"]

1. e4 e6 2. Qe2 c5 3. f4 Nc6 4. Nf3 g6 5. g3 Bg7 6. Bg2 Nge7 7. O-O O-O 8. d3 d5
9. c3 b5 10. Be3 d4 11. Bf2 Bb7 12. Rc1 Rc8 13. Nbd2 dxc3 14. bxc3 c4 15. d4 b4
16. cxb4 Nxd4 17. Nxd4 Bxd4 18. Rab1 Bxf2+ 19. Qxf2 f5 20. Rxc4 Rxc4 21. Nxc4
Qd3 22. Qf1 Qd4+ 23. Qf2 Qxc4 24. Qxa7 Bxe4 25. Bxe4 Qxe4 26. Rb3 Nd5 27. Qc5
Qe1+ 28. Kg2 Qe2+ 29. Qf2 Qd1 30. Qc5 Ra8 31. Rb2 Qd3 32. Qc6 Ne3+ 33. Kh3 Qd5
34. Qxd5 Nxd5 35. b5 Nb6 36. g4 Kf7 37. gxf5 gxf5 38. Rc2 Ra3+ 39. Kh4 Ra4 40.
Rc6 Rxf4+ 41. Kg5 Rg4+ 42. Kh5 Nd5 43. Kh6 Rb4 44. Rc5 Kf6 45. Kxh7 Ne7 0-1

[Event "London Chess Classic FIDE Open"]
[Site "London ENG"]
[Date "2010.12.14"]
[Round "8"]
[White "Boger, Raymond"]
[Black "Wheldon, Philip"]
[Result "0-1"]
[WhiteElo "1952"]
[BlackElo "2125"]
[WhiteFideId "1507419"]
[BlackFideId "407402"]
[EventDate "2010.12.08"]

1. c4 e6 2. g3 Nf6 3. Bg2 d5 4. Nf3 Be7 5. O-O O-O 6. d4 c6 7. Nc3 b6 8. cxd5
cxd5 9. Bf4 a6 10. Rc1 b5 11. Ne5 Bb7 12. e4 b4 13. Qb3 dxe4 14. Rfe1 Nc6 15.
Nxc6 Bxc6 16. Nxe4 Bxe4 17. Bxe4 Nxe4 18. Rxe4 a5 19. Be5 Qd5 20. Qxd5 exd5 21.
Rg4 f6 22. Rc7 Rf7 23. Bf4 h5 24. Rh4 g5 25. Rxh5 gxf4 26. Rxd5 Bf8 27. Rc6 f3
28. Rf5 Rd8 29. Rxf3 Rxd4 30. Rcxf6 Rxf6 31. Rxf6 Rd1+ 32. Kg2 Ra1 33. a3 bxa3
34. bxa3 Rxa3 35. h4 a4 36. h5 Ra2 37. g4 Bc5 38. Kg3 Bxf2+ 39. Kf4 Bd4 40. Rd6
Bc5 41. Rc6 Rc2 42. Kf5 a3 43. Kg6 a2 44. h6 Bf8 45. Rxc2 a1=Q 46. Rf2 Qb1+ 47.
Rf5 Qe4 48. h7+ Kh8 49. Kg5 Be7+ 0-1

[Event "London Chess Classic FIDE Open"]
[Site "London ENG"]
[Date "2010.12.14"]
[Round "8"]
[White "Valenti, Richard"]
[Black "Costello, Colin A"]
[Result "1-0"]
[WhiteElo "2124"]
[BlackElo "1977"]
[WhiteFideId "602752"]
[BlackFideId "403580"]
[EventDate "2010.12.08"]

1. e4 e5 2. Nc3 Nc6 3. g3 Nf6 4. Bg2 Bc5 5. Nge2 d6 6. Na4 O-O 7. O-O Bg4 8.
Nxc5 dxc5 9. d3 c4 10. f3 Be6 11. Be3 cxd3 12. cxd3 Qe7 13. d4 Bc4 14. d5 Rfd8
15. Rc1 Ba6 16. Bc5 Qe8 17. Re1 Bxe2 18. Rxe2 Nd4 19. Bxd4 exd4 20. Rxc7 Qb5 21.
Rec2 d3 22. R2c3 Ne8 23. R7c5 Qxb2 24. Qxd3 Qxa2 25. Qc2 Qa1+ 26. Qc1 Qa4 27.
R3c4 Qa6 28. Rb4 Qf6 29. f4 a5 30. e5 Qa6 31. Rb1 Qd3 32. Rc3 Qa6 33. Qf1 Qg6
34. Qd3 f5 35. Rxb7 a4 36. d6 Qh5 37. Rb4 Ra7 38. Bf3 Qh3 39. Qd4 Rad7 40. Rxa4
Nxd6 41. exd6 1-0

[Event "London Chess Classic FIDE Open"]
[Site "London ENG"]
[Date "2010.12.14"]
[Round "8"]
[White "Cannon, Richard J"]
[Black "Wernet, Andreas"]
[Result "0-1"]
[WhiteElo "2119"]
[BlackElo "1978"]
[WhiteFideId "408670"]
[BlackFideId "24677787"]
[EventDate "2010.12.08"]

1. e4 e6 2. Nc3 d5 3. Nf3 Nf6 4. e5 Ne4 5. d4 Bb4 6. Bd2 Nxd2 7. Qxd2 Bd7 8. a3
Be7 9. Bd3 h6 10. h4 c5 11. dxc5 Bxc5 12. b4 Be7 13. h5 Qc7 14. b5 a6 15. bxa6
Nxa6 16. Nb5 Qc5 17. Rb1 Nc7 18. Nfd4 Nxb5 19. Nxb5 O-O 20. Rh3 d4 21. f4 f5 22.
exf6 Bxf6 23. g4 e5 24. f5 Bg5 25. Qe2 Rac8 26. Kf1 Bc6 27. a4 Rfe8 28. Bc4+ Bd5
29. Bxd5+ Qxd5 30. c4 Qc5 31. Qa2 Rcd8 32. Na3 Qc6 33. Rb6 Qe4 34. c5+ Kh8 35.
Nc4 Qxg4 36. Qb3 e4 37. Nd6 Re7 38. Rxb7 d3 39. Rh2 Qf3+ 40. Ke1 Qg3+ 41. Kf1
Qxh2 42. Nf7+ Rxf7 43. Qxf7 Qe2+ 44. Kg1 Be3+ 45. Kh1 Qf1+ 46. Kh2 Bf4# 0-1

[Event "London Chess Classic FIDE Open"]
[Site "London ENG"]
[Date "2010.12.14"]
[Round "8"]
[White "Millward, Richard"]
[Black "Phillips, William"]
[Result "1-0"]
[WhiteElo "2107"]
[BlackElo "1977"]
[WhiteFideId "405698"]
[BlackFideId "414344"]
[EventDate "2010.12.08"]

1. e4 d6 2. d4 Nf6 3. Nc3 g6 4. Bc4 Bg7 5. Nge2 c6 6. Bb3 Qc7 7. O-O e5 8. f3
O-O 9. d5 c5 10. Bc4 a6 11. a4 b6 12. Be3 Ne8 13. Ng3 f5 14. f4 Qe7 15. Qd2 Nd7
16. exf5 gxf5 17. Nh5 e4 18. Qf2 Ndf6 19. Qh4 Ra7 20. Nxg7 Nxg7 21. h3 Nfh5 22.
Qxe7 Rxe7 23. Kh2 Rf6 24. Ne2 Rg6 25. b4 Ne8 26. bxc5 bxc5 27. Rab1 Reg7 28. Rg1
Ng3 29. Rb8 Bd7 30. Nc3 Kf7 31. Bxa6 Nf6 32. Rgb1 Ngh5 33. Bf1 Ng3 34. Bb5 Ngh5
35. g4 fxg4 36. Bxd7 Nxd7 37. f5 g3+ 38. Kg2 Rg5 39. Nxe4 Rxf5 40. Nxd6+ Kf6 41.
Ne8+ 1-0

[Event "London Chess Classic FIDE Open"]
[Site "London ENG"]
[Date "2010.12.14"]
[Round "8"]
[White "Mollison, Jamie"]
[Black "Warman, Simon M"]
[Result "1-0"]
[WhiteElo "1906"]
[BlackElo "2099"]
[WhiteFideId "2402300"]
[BlackFideId "408867"]
[EventDate "2010.12.08"]

1. b3 c5 2. Bb2 Nf6 3. e3 g6 4. Bxf6 exf6 5. c4 Bg7 6. Nc3 d6 7. g3 O-O 8. Bg2
Nc6 9. Nge2 Re8 10. O-O Bf5 11. d4 Qd7 12. dxc5 dxc5 13. Qxd7 Bxd7 14. Nd5 Rad8
15. Rad1 Bg4 16. Rd2 Nb4 17. Nef4 f5 18. h3 g5 19. hxg4 gxf4 20. gxf4 Nxd5 21.
Bxd5 fxg4 22. Rfd1 Rd7 23. Bg2 Rxd2 24. Rxd2 Re7 25. Rd8+ Bf8 26. Bd5 g3 27. f5
b6 28. e4 gxf2+ 29. Kxf2 Re5 30. Kf3 Kg7 31. f6+ Kg8 32. Kf4 Rh5 33. e5 Rh2 34.
e6 Rf2+ 35. Kg3 Rxf6 36. e7 1-0

[Event "London Chess Classic FIDE Open"]
[Site "London ENG"]
[Date "2010.12.14"]
[Round "8"]
[White "Marshall, Michael"]
[Black "Burke, John S"]
[Result "1/2-1/2"]
[WhiteElo "1878"]
[BlackElo "2078"]
[WhiteFideId "1409956"]
[BlackFideId "404322"]
[EventDate "2010.12.08"]

1. d4 c5 2. e3 cxd4 3. exd4 Nf6 4. Nf3 g6 5. Be2 Bg7 6. O-O O-O 7. c3 d6 8. Bf4
Qb6 9. Qb3 Qc7 10. Nbd2 Nbd7 11. h3 b6 12. Rfe1 e5 13. dxe5 dxe5 14. Nxe5 Nxe5
15. Nc4 Nf3+ 16. Bxf3 Qxf4 17. Bxa8 1/2-1/2